000 00597nam a2200193Ia 4500
005 20260120131954.0
008 008 260114s9999 xx 000 0 eng d
020 _a9780197716229
037 _aEBOOK
040 _aCRL
_beng
_cCRL
041 _aeng
_2eng
084 _qCRL
100 _aGoldberg
_9933402
245 0 _aSex, Religion, and the Making of Modern Madness: The Eberbach Asylum and German Society, 1815-1849
260 _bOxford University PressOxford University Press
_c2023
856 _uhttps://academic.oup.com/book/47927
942 _cEBOOK
999 _c1525325
_d1525325